[Event "SUI-chT"]
[Site "Switzerland"]
[Date "2022.09.17"]
[Round "6.3"]
[White "Georges, Sascha"]
[Black "Joie, Sebastien"]
[Result "1/2-1/2"]
[WhiteElo "2224"]
[BlackElo "2376"]
[PlyCount "147"]
[EventDate "2022.05.01"]
[EventType "team-tourn"]
[EventRounds "9"]
[EventCountry "SUI"]
[SourceTitle "EXT 2023"]
[Source "ChessBase"]
[SourceDate "2022.10.05"]
[SourceVersion "1"]
[SourceVersionDate "2022.10.05"]
[SourceQuality "1"]
[WhiteTeam "Nimzowitsch"]
[BlackTeam "Nyon"]
[WhiteTeamCountry "SUI"]
[BlackTeamCountry "SUI"]

1. d4 d5 2. Nf3 Nf6 3. c4 c6 4. cxd5 cxd5 5. Nc3 Nc6 6. Bf4 a6 7. Rc1 Bf5 8. e3 Rc8 9. Be2 e6 10. 0-0 Bd6 11. Bxd6 Qxd6 12. Na4 Nd7 13. a3 0-0 14. b4 a5 15. b5 Ne7 16. Qb3 Bg4 17. Qb2 Bxf3 18. Bxf3 f5 19. Rxc8 Rxc8 20. Rc1 Kf7 21. Bh5+ g6 22. Be2 Rc7 23. Rxc7 Qxc7 24. b6 Qd6 25. Bb5 Nc8 26. Bxd7 Qxd7 27. Qc2 Nd6 28. Nc5 Qb5 29. Qb3 Qe2 30. g3 Qc4 31. Qa4 Qxa4 32. Nxa4 Nc4 33. Nc5 Nxb6 34. Nxb7 Nc4 35. Kf1 g5 36. h3 h5 37. Ke2 Kf6 38. f4 g4 39. h4 Ke7 40. a4 Nb2 41. Nxa5 Nxa4 42. Kd3 Kd7 43. Nb7 Nb2+ 44. Kc2 Nc4 45. Kd3 Kc6 46. Nd8+ Kd7 47. Nb7 Nb2+ 48. Kc2 Na4 49. Kd3 Nb6 50. Kc3 Ke7 51. Kd3 Nd7 52. Nc5 Nf6 53. Kc3 Kd6 54. Kb3 Ke7 55. Kc3 Nh7 56. Kd3 Nf8 57. Kc3 Kd6 58. Nd3 Nd7 59. Kb4 Nb6 60. Ne5 Kc7 61. Kb5 Nc8 62. Nf7 Kd7 63. Ka6 Ne7 64. Kb5 Ng8 65. Ne5+ Kd6 66. Nd3 Ne7 67. Ne5 Ng8 68. Nd3 Nf6 69. Nc5 Ne8 70. Kb6 Ke7 71. Nb7 Nf6 72. Nc5 Ne8 73. Nb7 Nf6 74. Nc5 1/2-1/2

[Event "SUI-chT"]
[Site "Switzerland"]
[Date "2022.09.03"]
[Round "4.3"]
[White "Vogt, Lothar"]
[Black "Georges, Sascha"]
[Result "1-0"]
[WhiteElo "2365"]
[BlackElo "2224"]
[PlyCount "55"]
[EventDate "2022.05.01"]
[EventType "team-tourn"]
[EventRounds "9"]
[EventCountry "SUI"]
[SourceTitle "EXT 2023"]
[Source "ChessBase"]
[SourceDate "2022.10.05"]
[SourceVersion "1"]
[SourceVersionDate "2022.10.05"]
[SourceQuality "1"]
[WhiteTeam "Zuerich"]
[BlackTeam "Nimzowitsch"]
[WhiteTeamCountry "SUI"]
[BlackTeamCountry "SUI"]

1. e4 Nc6 2. Nf3 d6 3. d4 Nf6 4. Nc3 g6 5. Be3 Bg7 6. h3 0-0 7. Bc4 Nxe4 8. Nxe4 d5 9. Bd3 dxe4 10. Bxe4 f5 11. Bxc6 bxc6 12. Qd2 Qd5 13. Bh6 Ba6 14. Bxg7 Kxg7 15. b3 e5 16. c4 Qe4+ 17. Kf1 exd4 18. Re1 c5 19. Rxe4 fxe4 20. Nxd4 cxd4 21. Qxd4+ Rf6 22. Ke2 Bb7 23. Rd1 Bc6 24. Qe5 Rc8 25. b4 a6 26. b5 axb5 27. cxb5 Be8 28. Rc1 1-0

[Event "SUI-chT"]
[Site "Switzerland"]
[Date "2007.09.02"]
[Round "7.6"]
[White "Georges, Sascha"]
[Black "Bohnenblust, Simon"]
[Result "1-0"]
[WhiteElo "2282"]
[BlackElo "2209"]
[PlyCount "81"]
[EventDate "2007.02.25"]
[EventType "team-tourn"]
[EventRounds "9"]
[EventCountry "SUI"]
[SourceTitle "EXT 2008"]
[Source "ChessBase"]
[SourceDate "2007.11.25"]
[SourceVersion "1"]
[SourceVersionDate "2007.11.25"]
[SourceQuality "1"]
[WhiteTeam "Winterthur"]
[BlackTeam "Biel"]
[WhiteTeamCountry "SUI"]
[BlackTeamCountry "SUI"]

1. d4 Nf6 2. Bg5 Ne4 3. Bf4 c5 4. f3 Qa5+ 5. c3 Nf6 6. Nd2 cxd4 7. Nb3 Qb6 8. Qxd4 Nc6 9. Qxb6 axb6 10. Bg5 e5 11. e4 d6 12. Bc4 Be6 13. Bxe6 fxe6 14. Nh3 Be7 15. a3 0-0-0 16. Be3 Kc7 17. Ng5 Kd7 18. Nf7 Kc7 19. 0-0-0 Rhf8 20. Nxd8 Rxd8 21. Rhe1 h6 22. Kc2 g5 23. g4 Nd7 24. h4 Rf8 25. hxg5 hxg5 26. Nd2 d5 27. b4 d4 28. Bf2 b5 29. Rh1 Nb6 30. Rh7 Kb8 31. Rdh1 Rc8 32. Kb3 Na4 33. c4 Nc3 34. Rf7 Ka7 35. Rhh7 Rc7 36. Bg3 bxc4+ 37. Nxc4 Ne2 38. Bxe5 Nxe5 39. Nxe5 Rc3+ 40. Kb2 d3 41. Nxd3 1-0

[Event "SUI-chT"]
[Site "Switzerland"]
[Date "2006.09.30"]
[Round "8.8"]
[White "Georges, Sascha"]
[Black "Maeser, Fabian"]
[Result "1/2-1/2"]
[WhiteElo "2297"]
[BlackElo "2279"]
[PlyCount "35"]
[EventDate "2006.02.26"]
[EventType "team-tourn"]
[EventRounds "9"]
[EventCountry "SUI"]
[SourceTitle "EXT 2007"]
[Source "ChessBase"]
[SourceDate "2006.11.23"]
[SourceVersion "1"]
[SourceVersionDate "2006.11.23"]
[SourceQuality "1"]
[WhiteTeam "Winterthur"]
[BlackTeam "Wollishofen"]
[WhiteTeamCountry "SUI"]
[BlackTeamCountry "SUI"]

1. d4 d5 2. Nf3 Nf6 3. c4 c6 4. e3 Bg4 5. h3 Bh5 6. Nc3 e6 7. g4 Bg6 8. Ne5 Nbd7 9. h4 dxc4 10. Nxg6 hxg6 11. g5 Nd5 12. Bxc4 Bb4 13. Bd2 Qe7 14. Qc2 N7b6 15. Be2 e5 16. a3 Nxc3 17. Bxc3 Bxc3+ 18. bxc3 1/2-1/2

[Event "SUI-chT"]
[Site "Switzerland"]
[Date "2006.09.03"]
[Round "7.7"]
[White "Vucenovic, Dragomir"]
[Black "Georges, Sascha"]
[Result "0-1"]
[WhiteElo "2278"]
[BlackElo "2297"]
[PlyCount "66"]
[EventDate "2006.02.26"]
[EventType "team-tourn"]
[EventRounds "9"]
[EventCountry "SUI"]
[SourceTitle "EXT 2007"]
[Source "ChessBase"]
[SourceDate "2006.11.23"]
[SourceVersion "1"]
[SourceVersionDate "2006.11.23"]
[SourceQuality "1"]
[WhiteTeam "Zuerich"]
[BlackTeam "Winterthur"]
[WhiteTeamCountry "SUI"]
[BlackTeamCountry "SUI"]

1. d4 Nf6 2. Nf3 g6 3. g3 Bg7 4. Bg2 0-0 5. 0-0 d5 6. Nbd2 Na6 7. b3 c5 8. Bb2 Qc7 9. c4 Rd8 10. Qc1 Be6 11. dxc5 Rac8 12. cxd5 Bxd5 13. Bd4 Nxc5 14. Qb2 Ne6 15. Be5 Qb6 16. Rac1 Rxc1 17. Qxc1 Qa6 18. Re1 Qxa2 19. e4 Bc6 20. Qc3 Qa6 21. Bf1 b5 22. Nd4 Nxd4 23. Bxd4 Qb7 24. e5 Nd5 25. Qc5 Nc7 26. Bc3 Bh6 27. f4 Bf8 28. Ra1 e6 29. Qe3 Nd5 30. Qd4 Rd7 31. Ba5 Nb4 32. Qxb4 Bxb4 33. Bxb4 Qb6+ 0-1

[Event "SUI-chT"]
[Site "Switzerland"]
[Date "2006.04.30"]
[Round "3.8"]
[White "Meyer, Harvey"]
[Black "Georges, Sascha"]
[Result "1-0"]
[WhiteElo "2213"]
[BlackElo "2297"]
[PlyCount "73"]
[EventDate "2006.02.26"]
[EventType "team-tourn"]
[EventRounds "9"]
[EventCountry "SUI"]
[SourceTitle "EXT 2007"]
[Source "ChessBase"]
[SourceDate "2006.11.23"]
[SourceVersion "1"]
[SourceVersionDate "2006.11.23"]
[SourceQuality "1"]
[WhiteTeam "Lausanne"]
[BlackTeam "Winterthur"]
[WhiteTeamCountry "SUI"]
[BlackTeamCountry "SUI"]

1. d4 Nf6 2. Nc3 g6 3. e4 d6 4. Nf3 Bg7 5. Be2 0-0 6. 0-0 c5 7. d5 Na6 8. h3 Nc7 9. a4 b6 10. Re1 a6 11. Bf4 Bb7 12. Nd2 e6 13. Nc4 exd5 14. Nxd6 Bc6 15. e5 Nd7 16. Bf3 Nxe5 17. Bxe5 Bxe5 18. Nxf7 Bh2+ 19. Kxh2 Rxf7 20. Qe2 d4 21. Bxc6 Qd6+ 22. Kg1 Qxc6 23. Ne4 Nd5 24. Qc4 Kg7 25. a5 bxa5 26. Nxc5 Kg8 27. Qxd4 Nf4 28. Ne4 Raf8 29. c3 Qb5 30. b4 Ne2+ 31. Rxe2 Qxe2 32. Rxa5 Rf4 33. Re5 Qe1+ 34. Kh2 Qf1 35. Qd5+ Kh8 36. Re7 R4f7 37. Rxf7 1-0

[Event "SUI-chT"]
[Site "Switzerland"]
[Date "2005.10.30"]
[Round "9.8"]
[White "Georges, Sascha"]
[Black "Giertz, Niklaus"]
[Result "1/2-1/2"]
[WhiteElo "2287"]
[BlackElo "2280"]
[PlyCount "41"]
[EventDate "2005.02.27"]
[EventType "team-tourn"]
[EventRounds "9"]
[EventCountry "SUI"]
[SourceTitle "EXT 2006"]
[Source "ChessBase"]
[SourceDate "2005.11.24"]
[SourceVersion "1"]
[SourceVersionDate "2005.11.24"]
[SourceQuality "1"]
[WhiteTeam "Winterthur"]
[BlackTeam "Riehen"]
[WhiteTeamCountry "SUI"]
[BlackTeamCountry "SUI"]

1. d4 d5 2. Nf3 Nf6 3. c4 dxc4 4. e3 e6 5. Bxc4 c5 6. 0-0 Nc6 7. Qe2 cxd4 8. Rd1 Be7 9. Nxd4 Nxd4 10. exd4 Bd7 11. Nc3 Bc6 12. d5 exd5 13. Nxd5 Nxd5 14. Bxd5 Bxd5 15. Qb5+ Qd7 16. Qxd5 Qxd5 17. Rxd5 Rd8 18. Rxd8+ Bxd8 19. Be3 Bb6 20. Bxb6 axb6 21. Kf1 1/2-1/2

[Event "SUI-chT"]
[Site "Switzerland"]
[Date "2005.04.17"]
[Round "3.7"]
[White "Gruenenwald, Joerg"]
[Black "Georges, Sascha"]
[Result "1/2-1/2"]
[WhiteElo "2366"]
[BlackElo "2287"]
[PlyCount "60"]
[EventDate "2005.02.27"]
[EventType "team-tourn"]
[EventRounds "9"]
[EventCountry "SUI"]
[SourceTitle "EXT 2006"]
[Source "ChessBase"]
[SourceDate "2005.11.24"]
[SourceVersion "1"]
[SourceVersionDate "2005.11.24"]
[SourceQuality "1"]
[WhiteTeam "Zuerich"]
[BlackTeam "Winterthur"]
[WhiteTeamCountry "SUI"]
[BlackTeamCountry "SUI"]

1. d4 Nf6 2. c4 g6 3. Nc3 d5 4. Bg5 Ne4 5. Bf4 Nxc3 6. bxc3 Bg7 7. e3 0-0 8. cxd5 Qxd5 9. Nf3 c5 10. Be2 cxd4 11. cxd4 Nc6 12. 0-0 Bf5 13. Qa4 Qa5 14. Qb3 Qb4 15. Rfc1 Rac8 16. h3 a6 17. g4 Be4 18. Qxb4 Nxb4 19. a4 Nd5 20. Bg3 Nc3 21. Kf1 Rfd8 22. Nd2 Nxe2 23. Kxe2 Rxc1 24. Rxc1 Bc6 25. a5 Rd5 26. Bc7 e5 27. dxe5 Bxe5 28. Bxe5 Rxe5 29. Nb3 Rb5 30. Nd4 Rxa5 1/2-1/2

[Event "Zuerich op 26th"]
[Site "Zuerich"]
[Date "2002.12.29"]
[Round "5"]
[White "Pedersen, Nicolai Vesterbaek"]
[Black "Georges, Sascha"]
[Result "1/2-1/2"]
[WhiteElo "2495"]
[BlackElo "2250"]
[PlyCount "96"]
[EventDate "2002.12.26"]
[EventType "swiss"]
[EventRounds "7"]
[EventCountry "SUI"]
[SourceTitle "CBM 091 Extra"]
[Source "ChessBase"]
[SourceDate "2003.01.09"]
[SourceVersion "1"]
[SourceVersionDate "2003.01.09"]
[SourceQuality "1"]

1. d4 Nf6 2. c4 g6 3. Nc3 Bg7 4. e4 d6 5. Be2 0-0 6. Nf3 c5 7. d5 e6 8. h3 exd5 9. exd5 Re8 10. 0-0 Ne4 11. Nxe4 Rxe4 12. Bg5 Qb6 13. Rb1 Bd7 14. Bd3 Re8 15. Qd2 Na6 16. a3 Qb3 17. Rfc1 Nc7 18. Bh6 Bxh6 19. Qxh6 Qxd3 20. Ng5 Qf5 21. Rc3 Qf6 22. Rf3 Bf5 23. g4 Qg7 24. Qxg7+ Kxg7 25. gxf5 gxf5 26. Rg3 Kf6 27. Nxh7+ Ke5 28. Ng5 f4 29. Nf3+ Kf5 30. Rg4 Rg8 31. Re1 Rxg4+ 32. hxg4+ Kxg4 33. Nh2+ Kh3 34. Re7 Rg8+ 35. Kf1 Kxh2 36. Rxf7 Rg1+ 37. Ke2 Rb1 38. Rxc7 Rxb2+ 39. Kf3 Kg1 40. Kxf4 Kxf2 41. Kf5 Ke3 42. Ke6 Rb6 43. Rd7 Kd4 44. Rxd6 Rb1 45. Rd8 Kxc4 46. d6 Re1+ 47. Kd7 Kb3 48. Ra8 c4 1/2-1/2

[Event "SUI-chT"]
[Site "Switzerland"]
[Date "2002.09.08"]
[Round "7.7"]
[White "Georges, Sascha"]
[Black "Leutwyler, Martin"]
[Result "1-0"]
[WhiteElo "2250"]
[BlackElo "2166"]
[PlyCount "57"]
[EventDate "2002.03.03"]
[EventType "team-tourn"]
[EventRounds "9"]
[EventCountry "SUI"]
[SourceTitle "EXT 2003"]
[Source "ChessBase"]
[SourceDate "2002.11.25"]
[SourceVersion "1"]
[SourceVersionDate "2002.11.25"]
[SourceQuality "1"]

1. d4 Nf6 2. Nf3 e6 3. e3 b6 4. Bd3 Bb7 5. 0-0 c5 6. c4 g6 7. Nc3 Bg7 8. d5 exd5 9. cxd5 Nxd5 10. Nxd5 Bxd5 11. Bxg6 hxg6 12. Qxd5 Nc6 13. e4 Qe7 14. Bf4 Bxb2 15. Rad1 Qe6 16. Bd6 Rh5 17. Ng5 Qxd5 18. exd5 Ne5 19. f4 Bd4+ 20. Rxd4 cxd4 21. Bxe5 d3 22. Ne4 Kd8 23. Rd1 d6 24. Nxd6 Ke7 25. Ne4 Rc8 26. d6+ Ke6 27. Rxd3 g5 28. d7 Rd8 29. Rd6+ 1-0

[Event "SUI-chT"]
[Site "Switzerland"]
[Date "2002.09.07"]
[Round "6.7"]
[White "Ferrari, Nicola"]
[Black "Georges, Sascha"]
[Result "0-1"]
[WhiteElo "2188"]
[BlackElo "2250"]
[PlyCount "88"]
[EventDate "2002.03.03"]
[EventType "team-tourn"]
[EventRounds "9"]
[EventCountry "SUI"]
[SourceTitle "EXT 2003"]
[Source "ChessBase"]
[SourceDate "2002.11.25"]
[SourceVersion "1"]
[SourceVersionDate "2002.11.25"]
[SourceQuality "1"]

1. e4 c5 2. Nf3 d6 3. Bb5+ Bd7 4. Bxd7+ Qxd7 5. 0-0 Nc6 6. b3 Nf6 7. Re1 e6 8. d4 cxd4 9. Nxd4 Be7 10. c4 0-0 11. Nc3 a6 12. Nc2 Rab8 13. Qe2 Rfe8 14. Be3 b5 15. Rad1 b4 16. Na4 Nxe4 17. f3 Nf6 18. c5 Qc7 19. Qxa6 dxc5 20. Bxc5 Bxc5+ 21. Nxc5 Na5 22. Qd6 Qxd6 23. Rxd6 Rbc8 24. Re5 Nd5 25. Nd3 Rxc2 26. Rdxd5 Nc6 27. Re4 Ra8 28. Rc5 Rxc5 29. Nxc5 Rxa2 30. Nd3 Rd2 31. Nxb4 Nd4 32. Na6 f5 33. Re3 Kf7 34. Nc5 Rc2 35. b4 Rb2 36. Nd3 Rb1+ 37. Re1 Rb3 38. Re3 Kf6 39. f4 Nc2 40. Re2 Nxb4 41. Nc5 Rc3 42. Rxe6+ Kf7 43. Re5 Rc1+ 44. Kf2 Rxc5 0-1

[Event "SUI-chT"]
[Site "Switzerland"]
[Date "2002.06.02"]
[Round "4.7"]
[White "Maier, Christian"]
[Black "Georges, Sascha"]
[Result "1-0"]
[WhiteElo "2385"]
[BlackElo "2293"]
[PlyCount "93"]
[EventDate "2002.03.03"]
[EventType "team-tourn"]
[EventRounds "9"]
[EventCountry "SUI"]
[SourceTitle "EXT 2003"]
[Source "ChessBase"]
[SourceDate "2002.11.25"]
[SourceVersion "1"]
[SourceVersionDate "2002.11.25"]
[SourceQuality "1"]
[WhiteTeam "Basel"]
[BlackTeam "Winterthur"]
[WhiteTeamCountry "SUI"]
[BlackTeamCountry "SUI"]

1. e4 c5 2. Nf3 d6 3. Bb5+ Bd7 4. c4 Nf6 5. Nc3 Nc6 6. 0-0 g6 7. d3 Bg7 8. h3 0-0 9. Bg5 a6 10. Bxc6 Bxc6 11. Qd2 b5 12. Rae1 Re8 13. Bh6 Bh8 14. Ng5 e6 15. f4 d5 16. cxd5 exd5 17. e5 d4 18. Nd1 Nh5 19. g4 Ng3 20. Rf2 f6 21. Kh2 fxg5 22. Bxg5 Qd5 23. Kxg3 Qxa2 24. Bh6 Qd5 25. Qe2 Re6 26. Qf1 Bg7 27. Bxg7 Kxg7 28. Rfe2 Rae8 29. Re4 Qb3 30. Nf2 Bxe4 31. Nxe4 Qd5 32. Nf6 Qc6 33. g5 R8e7 34. Qf2 Kh8 35. Rc1 Rc7 36. b4 c4 37. Qxd4 Rc8 38. Ne4 a5 39. bxa5 Qa6 40. Nc5 Qc6 41. Nxe6 Qxe6 42. dxc4 bxc4 43. Qb6 Qd5 44. Qd6 Qxa5 45. Qf6+ Kg8 46. Qe6+ Kg7 47. Qd7+ 1-0

[Event "SUI-chT"]
[Site "Switzerland"]
[Date "2001.10.28"]
[Round "9.7"]
[White "Georges, Sascha"]
[Black "Wirthensohn, Heinz"]
[Result "1/2-1/2"]
[WhiteElo "2305"]
[BlackElo "2357"]
[PlyCount "50"]
[EventDate "2001.03.04"]
[EventType "team-tourn"]
[EventRounds "9"]
[EventCountry "SUI"]
[SourceTitle "EXT 2002"]
[Source "ChessBase"]
[SourceDate "2001.11.25"]
[SourceVersion "1"]
[SourceVersionDate "2001.11.25"]
[SourceQuality "1"]
[WhiteTeam "Winterthur"]
[BlackTeam "Reichenstein"]
[WhiteTeamCountry "SUI"]
[BlackTeamCountry "SUI"]

1. d4 Nf6 2. Nf3 d5 3. c3 Bf5 4. Qb3 Qc8 5. Bg5 Nbd7 6. e3 e6 7. Nbd2 h6 8. Bh4 Bd6 9. c4 c6 10. Bd3 Ne4 11. Qc2 Nxd2 12. Nxd2 Bxd3 13. Qxd3 0-0 14. 0-0 Qc7 15. Bg3 Bxg3 16. hxg3 Rad8 17. cxd5 exd5 18. b4 Qd6 19. b5 c5 20. dxc5 Nxc5 21. Qd4 b6 22. Nf3 Ne6 23. Qa4 Rd7 24. Rac1 d4 25. exd4 Nxd4 1/2-1/2

[Event "SUI-chT"]
[Site "Switzerland"]
[Date "2000.??.??"]
[Round "?"]
[White "Georges, Sascha"]
[Black "Kamber, Bruno"]
[Result "1/2-1/2"]
[WhiteElo "2230"]
[BlackElo "2370"]
[PlyCount "82"]
[EventDate "2000.02.??"]
[EventType "team-tourn"]
[EventRounds "9"]
[EventCountry "SUI"]
[SourceTitle "EXT 2001"]
[Source "ChessBase"]
[SourceDate "2000.11.22"]
[SourceVersion "1"]
[SourceVersionDate "2000.11.22"]
[SourceQuality "1"]

1. d4 g6 2. Nf3 Bg7 3. c3 Nf6 4. Bg5 0-0 5. Nbd2 d5 6. e3 Nbd7 7. Be2 Re8 8. 0-0 c6 9. Rc1 Qb6 10. Qb3 e5 11. c4 exd4 12. Nxd4 Ne4 13. Nxe4 dxe4 14. Qc2 Nc5 15. b3 Qa5 16. Bh4 Bd7 17. Rfd1 Qb6 18. a3 a5 19. Rb1 Nd3 20. c5 Nxc5 21. b4 axb4 22. axb4 Ne6 23. Nf5 gxf5 24. Rxd7 Nf8 25. Rd2 Ng6 26. Bg3 Rad8 27. Bd6 f4 28. Qc5 Qxc5 29. bxc5 Bh6 30. exf4 Nxf4 31. Bxf4 Bxf4 32. Rxd8 Rxd8 33. g3 Rd2 34. Bc4 Rc2 35. Bxf7+ Kxf7 36. Rxb7+ Kg6 37. gxf4 Rxc5 38. Re7 Rc4 39. Kf1 h5 40. Re5 h4 41. Ke2 Rc3 1/2-1/2

[Event "SUI-chT"]
[Site "Switzerland"]
[Date "2000.??.??"]
[Round "?"]
[White "Terraz, Christian"]
[Black "Georges, Sascha"]
[Result "1/2-1/2"]
[WhiteElo "2122"]
[BlackElo "2230"]
[PlyCount "35"]
[EventDate "2000.02.??"]
[EventType "team-tourn"]
[EventRounds "9"]
[EventCountry "SUI"]
[SourceTitle "EXT 2001"]
[Source "ChessBase"]
[SourceDate "2000.11.22"]
[SourceVersion "1"]
[SourceVersionDate "2000.11.22"]
[SourceQuality "1"]

1. e4 c5 2. Nf3 d6 3. Nc3 Nc6 4. g3 g6 5. d4 cxd4 6. Nxd4 Bg7 7. Be3 Nf6 8. h3 Bd7 9. Bg2 Qc8 10. g4 Ne5 11. 0-0 Rb8 12. a4 a6 13. a5 Nc4 14. Bc1 h5 15. g5 Nh7 16. Qd3 Ne5 17. Qe3 Nc4 18. Qd3 1/2-1/2

[Event "Seeburg op 1st"]
[Site "Luzern"]
[Date "1999.10.11"]
[Round "6"]
[White "Georges, Sascha"]
[Black "Habibi, Ali"]
[Result "1/2-1/2"]
[WhiteElo "2245"]
[BlackElo "2343"]
[PlyCount "91"]
[EventDate "1999.10.08"]
[EventType "swiss"]
[EventRounds "7"]
[EventCountry "SUI"]
[SourceTitle "EXT 2000"]
[Source "ChessBase"]
[SourceDate "1999.11.16"]
[SourceVersion "1"]
[SourceVersionDate "1999.11.16"]
[SourceQuality "1"]

1. d4 d6 2. Nf3 Nf6 3. g3 g6 4. b3 Bg7 5. Bb2 0-0 6. Bg2 c5 7. 0-0 Na6 8. c4 Rb8 9. Nc3 b6 10. e4 cxd4 11. Nxd4 Bb7 12. Re1 Nc5 13. Rb1 a6 14. Nd5 e6 15. Nxf6+ Bxf6 16. b4 Nd7 17. Nc2 Qe7 18. Ne3 Bxb2 19. Rxb2 Nf6 20. Qb1 Ba8 21. f4 Rfc8 22. Rf2 a5 23. a3 axb4 24. axb4 b5 25. e5 Ne8 26. exd6 Nxd6 27. c5 Nc4 28. f5 Nxe3 29. f6 Qd8 30. Rxe3 Bxg2 31. Kxg2 Qd5+ 32. Qe4 Rd8 33. Qxd5 Rxd5 34. Ra3 h5 35. Rfa2 Rd4 36. Ra8 Rxa8 37. Rxa8+ Kh7 38. Rf8 g5 39. Rxf7+ Kg6 40. Rb7 Kxf6 41. Rxb5 Rd2+ 42. Kf3 Rxh2 43. Rb8 Rc2 44. Rc8 h4 45. gxh4 gxh4 46. Rh8 1/2-1/2

[Event "SUI-chT"]
[Site "Switzerland"]
[Date "1999.??.??"]
[Round "2.7"]
[White "Georges, Sascha"]
[Black "Flueckiger, Christian"]
[Result "1-0"]
[WhiteElo "2270"]
[BlackElo "2289"]
[PlyCount "55"]
[EventDate "1999.01.??"]
[EventType "team-tourn"]
[EventRounds "9"]
[EventCountry "SUI"]
[SourceTitle "EXT 2001"]
[Source "ChessBase"]
[SourceDate "2000.11.22"]
[SourceVersion "1"]
[SourceVersionDate "2000.11.22"]
[SourceQuality "1"]

1. d4 d5 2. Nf3 e6 3. Bg5 Be7 4. Bxe7 Nxe7 5. e3 b6 6. Bd3 Ba6 7. Bxa6 Nxa6 8. c4 0-0 9. Qa4 Qc8 10. cxd5 exd5 11. b4 c5 12. bxc5 bxc5 13. 0-0 c4 14. Nc3 Rd8 15. Rab1 Nc7 16. h3 Rd6 17. Qb4 Qd8 18. Rfe1 Rb6 19. Qa4 Ra6 20. Qc2 Ne6 21. Rb7 Nc8 22. Ne5 Nc7 23. Nxf7 Kxf7 24. Qf5+ Rf6 25. Rxc7+ Qxc7 26. Qxd5+ Kg6 27. Qxa8 Rc6 28. Rb1 1-0

[Event "Bodensee-Cup 5th"]
[Site "Germany"]
[Date "1999.??.??"]
[Round "2.10"]
[White "Menacher, Manfred"]
[Black "Georges, Sascha"]
[Result "0-1"]
[WhiteElo "2205"]
[BlackElo "2230"]
[PlyCount "76"]
[EventDate "1999.??.??"]
[EventType "team-tourn"]
[EventRounds "3"]
[EventCountry "GER"]
[SourceTitle "EXT 2001"]
[Source "ChessBase"]
[SourceDate "2000.11.22"]
[SourceVersion "1"]
[SourceVersionDate "2000.11.22"]
[SourceQuality "1"]
[WhiteTeam "Bayern Muenchen"]
[BlackTeam "Switzerland"]
[WhiteTeamCountry "GER"]
[BlackTeamCountry "SUI"]

1. e4 c5 2. Nf3 d6 3. Bb5+ Bd7 4. Bxd7+ Qxd7 5. 0-0 Nf6 6. Qe2 Nc6 7. c3 e6 8. Rd1 Be7 9. d4 cxd4 10. Nxd4 0-0 11. Bg5 Rac8 12. Nf3 Qc7 13. Nbd2 Rfd8 14. Nb3 a6 15. Nbd4 h6 16. Bh4 Ne5 17. Nxe5 dxe5 18. Nb3 b5 19. f3 Nh5 20. Bxe7 Nf4 21. Qe3 Qxe7 22. g3 Ng6 23. Qb6 Ra8 24. Kf2 Rdb8 25. Qc5 Qg5 26. Rd7 f5 27. exf5 exf5 28. Qd5+ Kh7 29. Rd1 Rg8 30. Nc5 Rae8 31. Qd2 Qh5 32. h4 e4 33. Qe2 Ne5 34. fxe4 Qxe2+ 35. Kxe2 Nxd7 36. Rxd7 fxe4 37. Ke3 Rgf8 38. Nxe4 Rf1 0-1

[Event "SUI-chT"]
[Site "Switzerland"]
[Date "1999.??.??"]
[Round "7.6"]
[White "Umbach, Andreas"]
[Black "Georges, Sascha"]
[Result "1/2-1/2"]
[WhiteElo "2170"]
[BlackElo "2270"]
[PlyCount "121"]
[EventDate "1999.01.??"]
[EventType "team-tourn"]
[EventRounds "9"]
[EventCountry "SUI"]
[SourceTitle "EXT 2001"]
[Source "ChessBase"]
[SourceDate "2000.11.22"]
[SourceVersion "1"]
[SourceVersionDate "2000.11.22"]
[SourceQuality "1"]

1. e4 c5 2. Nf3 d6 3. d4 cxd4 4. Nxd4 Nf6 5. Nc3 Nc6 6. Bg5 e6 7. Qd2 a6 8. 0-0-0 Bd7 9. f4 b5 10. Bxf6 gxf6 11. Nxc6 Bxc6 12. Qe1 Be7 13. Bd3 Qb6 14. Kb1 Rc8 15. Rf1 a5 16. f5 b4 17. Ne2 e5 18. Ng3 h5 19. Rf3 a4 20. Bc4 Qc5 21. b3 Rg8 22. Qe2 h4 23. Nf1 a3 24. Rh3 Rd8 25. c3 bxc3 26. Rxc3 Qb4 27. Rh3 Rb8 28. Rxh4 Bd8 29. Ne3 Bb6 30. Bd5 Bb5 31. Nc4 Bd4 32. Rh7 Qc3 33. Rxd4 exd4 34. Nxd6+ Ke7 35. Nxb5 Rxb5 36. Rxf7+ Kd8 37. Rd7+ Ke8 38. Qh5+ Kxd7 39. Qf7+ Kd6 40. Qe6+ Kc7 41. Qf7+ Kb6 42. Qb7+ Ka5 43. Qa7+ Kb4 44. Qa4+ Kc5 45. Qxa3+ Qb4 46. Qc1+ Kd6 47. Qf4+ Kd7 48. Bxg8 Rc5 49. Be6+ Ke7 50. Qg3 Qd2 51. Qg7+ Kd6 52. Qf8+ Kc6 53. Bd5+ Rxd5 54. Qc8+ Kb6 55. exd5 d3 56. Qc6+ Ka7 57. Qc7+ Ka6 58. Qc4+ Kb7 59. Qc6+ Ka7 60. Qc7+ Ka6 61. Qc6+ 1/2-1/2

[Event "SUI-chT"]
[Site "Switzerland"]
[Date "1998.11.08"]
[Round "9.5"]
[White "Sedina, Elena"]
[Black "Georges, Sascha"]
[Result "1/2-1/2"]
[WhiteElo "2380"]
[BlackElo "2305"]
[PlyCount "58"]
[EventDate "1998.03.29"]
[EventType "team-tourn"]
[EventRounds "9"]
[EventCountry "SUI"]
[SourceTitle "EXT 2006"]
[Source "ChessBase"]
[SourceDate "2005.11.24"]
[SourceVersion "1"]
[SourceVersionDate "2005.11.24"]
[SourceQuality "1"]

1. e4 c5 2. Nf3 d6 3. Bb5+ Bd7 4. Bxd7+ Qxd7 5. c4 Nc6 6. d4 cxd4 7. Nxd4 Nf6 8. Nc3 e6 9. 0-0 Be7 10. Be3 0-0 11. f3 Rfe8 12. Qd2 Rad8 13. Rad1 Qc8 14. b3 d5 15. cxd5 exd5 16. Nxc6 bxc6 17. e5 d4 18. exf6 dxc3 19. Qxc3 Bxf6 20. Qc1 Qa6 21. Rxd8 Bxd8 22. Bf2 h6 23. Rd1 Bb6 24. Bxb6 Qxb6+ 25. Kh1 Qf2 26. Qb1 g6 27. Rf1 Qd2 28. Rd1 Qf2 29. Rf1 Qd2 1/2-1/2

[Event "SUI-chT"]
[Site "Switzerland"]
[Date "1998.11.07"]
[Round "8.5"]
[White "Georges, Sascha"]
[Black "Atlas, Valeri"]
[Result "1/2-1/2"]
[WhiteElo "2305"]
[BlackElo "2465"]
[PlyCount "64"]
[EventDate "1998.03.29"]
[EventType "team-tourn"]
[EventRounds "9"]
[EventCountry "SUI"]
[SourceTitle "EXT 2006"]
[Source "ChessBase"]
[SourceDate "2005.11.24"]
[SourceVersion "1"]
[SourceVersionDate "2005.11.24"]
[SourceQuality "1"]

1. d4 Nf6 2. Nf3 e6 3. e3 b6 4. Bd3 Bb7 5. 0-0 Be7 6. c4 0-0 7. Nc3 d5 8. b3 Nbd7 9. Bb2 Ne4 10. Nd2 Ndf6 11. Ndxe4 Nxe4 12. Qc2 Nxc3 13. Bxc3 g6 14. Rad1 Bf6 15. e4 dxe4 16. Bxe4 Bxe4 17. Qxe4 Qe7 18. Qf3 Rad8 19. Rfe1 Rd7 20. d5 Bxc3 21. Qxc3 Qd8 22. Qf3 exd5 23. Rxd5 Rxd5 24. cxd5 Qd6 25. g3 Rd8 26. Rc1 Qe5 27. Qc3 Qxc3 28. Rxc3 Rd7 29. Kg2 Kf8 30. Kf3 Ke8 31. b4 Kd8 32. Ra3 Rxd5 1/2-1/2